Ceny bytov sa stanovujú na základe širokej palety hodnotiacich kritérií
Ceny pozemkov v SR sa v posledných rokoch výrazne znížili, zatiaľčo ceny bytov stúpli. Faktory ovplyvňujúce kvalitu a cenu bytov, napr. umiestnenie na poschodí, technické vybavenie, kvalita vykurovania, občianska vybavenosť, vplyv životného prostredia, technológia výstavby bytov. Zodpovednosť za spo...
Salvato in:
| Autore principale: | |
|---|---|
| Natura: | Capitolo di libro |
| Lingua: | slovacco |
| Soggetti: | |
| Tags: |
Nessun Tag, puoi essere il primo ad aggiungerne!!
|
MARC
| LEADER | 00000naa a2200000 4500 | ||
|---|---|---|---|
| 001 | r021038 | ||
| 005 | 20230921074134.1 | ||
| 041 | 0 | |a slo | |
| 044 | |a SK | ||
| 245 | 1 | 0 | |a Ceny bytov sa stanovujú na základe širokej palety hodnotiacich kritérií |c M. Trubáček |
| 520 | |a Ceny pozemkov v SR sa v posledných rokoch výrazne znížili, zatiaľčo ceny bytov stúpli. Faktory ovplyvňujúce kvalitu a cenu bytov, napr. umiestnenie na poschodí, technické vybavenie, kvalita vykurovania, občianska vybavenosť, vplyv životného prostredia, technológia výstavby bytov. Zodpovednosť za spoločné časti domu. Trh s nehnuteľnosťami v SR. | ||
| 610 | 2 | 0 | |a Slovensko |
| 610 | 2 | 0 | |a byty |
| 610 | 2 | 0 | |a ceny |
| 610 | 2 | 0 | |a nehnuteľnosti |
| 610 | 2 | 0 | |a oceňovanie |
| 610 | 2 | 0 | |a trh bytový |
| 100 | 1 | |a Trubáček, M. | |